Capitals by The Periodic Table - Statistics

General Stats
  • This quiz has been taken 530 times
    456 since last reset
  • The average score is 16 of 39
Answers on the Map
Answers color-coded by a green-red scale on the quiz's map according to % correct below.
 
Answer Stats
Capital % Correct
Belmopan | Beijing | Berlin | Belgrade | Bern | Beirut
83%
Castries | Cape Town | Caracas | Canberra | Cairo
78%
Libreville | Lilongwe | Lisbon | Lima
76%
Bratislava | Brazzaville | Bridgetown | Brussels | Brasília
72%
Palikir | Paramaribo | Panama City | Paris
71%
Moroni | Monaco | Montevideo | Mogadishu | Moscow | Monrovia
70%
Helsinki
64%
Baku | Bandar Seri Begawan | Bangui | Banjul | Basseterre | Bamako | Baghdad | Bangkok
61%
Oslo
60%
Tallinn | Tashkent | Taipei
55%
Amsterdam | Amman
52%
Luxembourg | Lusaka | Luanda
49%
Tegucigalpa | Tehran
48%
Praia | Prague | Pretoria | Pristina
47%
Asunción | Asmara | Ashgabat
46%
Athens
44%
Accra
42%
Copenhagen | Cotonou | Conakry
42%
Nassau | Naypyidaw | Nairobi
42%
Algiers
41%
New Delhi
40%
Porto-Novo | Port-au-Prince | Port Vila | Port Moresby | Port Louis | Podgorica | Port-of-Spain
39%
Rabat
36%
Seoul
35%
Nicosia | Niamey
33%
Singapore
31%
Bissau | Bishkek
30%
Tirana
30%
Freetown
25%
Reykjavík
24%
Sri Jayawardenapura Kotte
23%
Georgetown
22%
La Paz
22%
Thimphu
22%
Tbilisi
20%
Honiara
18%
Gaborone
17%
Nouakchott
11%
N'Djamena
10%
No matching quizzes found
Score Distribution
Percent of People with Each Score
Percentile by Number Answered
Your Score History
You have not taken this quiz since the last reset